000 00519cam a22001817a 4500
008 180718b1973 xxu||||| |||| 00| 0 eng d
020 _a0 233 96299 9
082 _aB234 D897
100 _aDumont, Rene
245 _aSocialisms and development
_cby Rene Dumont and Marcel Mazoyer
260 _aLondon
_bAndre Deutsch
_c1973
300 _a352p
650 _aDeveloping countries --Economic conditions.
650 _aCapitalism
650 _aSocialism
650 _aEconomic development
700 _aMazoyer, Marcel
999 _c420355
_d420355